[Event "RUS-Cup02"]
[Site "Moscow"]
[Date "1998.??.??"]
[Round "4"]
[White "Guliev, Sarhan"]
[Black "Vaulin, Alexander"]
[Result "0-1"]
[WhiteElo "2445"]
[BlackElo "2535"]

1.d4 d5 2.c4 dxc4 3.Nf3 Nf6 4.e3 c5 5.Bxc4 e6 6.O-O a6 7.a4 Nc6 8.Qe2 cxd4
9.Rd1 Be7 10.exd4 O-O 11.Nc3 Nd5 12.Bd3 Ncb4 13.Bb1 b6 14.Qe4 f5 15.Qe2 Ra7
16.Nxd5 Nxd5 17.Bd3 a5 18.Bd2 Rc7 19.Rac1 Qd6 20.Bc4 Kh8 21.Re1 Bf6 22.Ne5 Bb7
23.b3 Kg8 24.Nf3 Re8 25.h4 h6 26.h5 Kf8 27.Ne5 Bxe5 28.dxe5 Qe7 29.Qf3 Rd8
30.Qg3 Qf7 31.Qh4 Qe7 32.Qh3 Rdc8 33.Red1 Kg8 34.Qg3 Qf7 35.Qh4 Kh8 36.Bb5 Rxc1
37.Rxc1 Rxc1+ 38.Bxc1 Qc7 39.Ba3 Qxe5 40.Qd8+ Kh7 41.Be8 Nf4 42.Bf7 Nh3+  0-1

[Event "Moscow-ch op"]
[Site "Moscow"]
[Date "1998.??.??"]
[Round "6"]
[White "Gagarin, Vasilij"]
[Black "Lastin, Alexander"]
[Result "1-0"]
[WhiteElo "2415"]
[BlackElo "2535"]

1.d4 d5 2.c4 dxc4 3.Nf3 Nf6 4.e3 e6 5.Bxc4 c5 6.O-O a6 7.a4 Nc6 8.Qe2 Qc7
9.Nc3 Bd6 10.b3 O-O 11.Bb2 b6 12.Rfd1 Bb7 13.d5 Ne5 14.Nxe5 Bxe5 15.dxe6 Bxh2+
16.Kh1 fxe6 17.f4 Bg3 18.Bxe6+ Kh8 19.Bd5 Bh4 20.Bxb7 Qxb7 21.Rd6 Rae8 22.Rad1 Qe7
23.R1d3 Bg3 24.Kg1 Qf7 25.Qf3 Qxb3 26.Nd1 Qg8 27.Qxg3 Ne4 28.Qg4 Nxd6 29.Rxd6 b5
30.f5 Rd8 31.f6  1-0

[Event "RUS-Cup02"]
[Site "Moscow"]
[Date "1998.??.??"]
[Round "6"]
[White "Karpeshov, Oleg"]
[Black "Karpatchev, Aleksandr"]
[Result "1-0"]
[WhiteElo "2420"]
[BlackElo "2570"]

1.d4 d5 2.c4 dxc4 3.Nf3 Nf6 4.e3 e6 5.Bxc4 c5 6.O-O a6 7.a4 Nc6 8.Qe2 Qc7
9.Nc3 Bd6 10.h3 O-O 11.Rd1 b6 12.d5 exd5 13.Nxd5 Nxd5 14.Bxd5 Bb7 15.b3 Rad8
16.e4 Nb4 17.Bxb7 Qxb7 18.Bb2 Rfe8 19.e5 Be7 20.Bc3 Nd5 21.Qe4 Qd7 22.Be1 Qe6
23.Rd3 Qg6 24.Qxg6 hxg6 25.Rad1 Nf4 26.Rd7 Kf8 27.Kf1 Ne6 28.R1d2 Rxd7 29.Rxd7 c4
30.bxc4 Nc5 31.Ra7 a5 32.Bd2 Nxa4 33.e6 fxe6 34.Ne5 Kg8 35.Nd7 Nb2 36.Nxb6 Bc5
37.Bc3 e5 38.Bxb2 Bxb6 39.Ra6 Bd4 40.Bxd4 exd4 41.Rxa5 Rb8 42.Ke2 Rb2+ 43.Kd3 Rxf2
44.Rg5 Kf7 45.Kxd4 Kf6 46.Rg3 Rd2+ 47.Kc5  1-0

[Event "Moscow-ch op"]
[Site "Moscow"]
[Date "1998.??.??"]
[Round "7"]
[White "Baikov, Vladimir A"]
[Black "Kosarev, Andrei M"]
[Result "0-1"]
[WhiteElo "2400"]
[BlackElo "2295"]

1.d4 d5 2.c4 dxc4 3.e3 Nf6 4.Bxc4 e6 5.Nf3 c5 6.O-O a6 7.b3 Nc6 8.Bb2 Be7
9.Nbd2 O-O 10.Rc1 cxd4 11.Nxd4 Nxd4 12.Bxd4 Bd7 13.Be2 Bc6 14.Nc4 Nd7 15.Qd2 a5
16.Rfd1 Bb4 17.Qb2 Qg5 18.f3 a4 19.e4 axb3 20.axb3 b5 21.Na5 Bxe4 22.Bxg7 Rxa5
23.Bxf8 Nxf8 24.fxe4 Ba3 25.Qc3 b4 26.Qg3 Bxc1 27.Rxc1 Qxg3 28.hxg3 Ra3 29.Bd1 Nd7
30.Kf2 Ra2+ 31.Rc2 Rxc2+ 32.Bxc2 e5 33.Kf3 Kg7 34.Bd3 Nc5 35.Bc4 Kg6 36.Ke3 Nb7
37.Bd5 Nd6 38.Bc6 Kf6 39.Kf3 Kg5 40.Bd7 Kf6 41.Bc6 Nc8 42.Bd7 Nd6 43.Bc6 Kg5
44.Bd7 Nb7 45.Be8 Kf6 46.Bc6 Nc5 47.Bd5 Kg6 48.Kg4 Kf6 49.Kh5 Nd3 50.Kh6 Ne1
51.g4 Nxg2 52.g5+ Ke7 53.Kg7 Nh4 54.Kxh7 Kf8 55.Kh6 Ng6 56.Kh5 Kg7 57.Kg4 Ne7
58.Bc4 Kg6 59.Bb5 Nc8 60.Bd7 Nd6 61.Bf5+ Kg7 62.Kf3 Nb7 63.g6 fxg6 64.Be6 Kf6
65.Bd5 Nc5 66.Kg4 Nd3 67.Bc6 Nf4 68.Bb5 Ne6 69.Bc4 Nf8 70.Bd5 Kg7 71.Bc4 Kh6
72.Bg8 Nd7 73.Be6 Nf6+ 74.Kf3 Kg5 75.Bf7 Kh5 76.Ke3 Nd7 77.Kd3 Nb6 78.Ke3 Nc8
79.Kf3 Nd6 80.Be6 Kh4 81.Bd7 Nb7 82.Bc6 Nc5 83.Bd5 Kh3 84.Bc4 g5 85.Bf1+ Kh4
86.Bc4 g4+ 87.Kg2 Nxe4 88.Bd3 Nc5 89.Bc4 Kg5 90.Kf2 Kf4 91.Bd5 e4 92.Bc4 e3+
93.Ke2 Ne4 94.Ba6 Nd2 95.Kd3 Nxb3  0-1

[Event "EU-ch U18"]
[Site "Murek"]
[Date "1998.??.??"]
[Round "4"]
[White "Dempsey, Paul"]
[Black "Zakharov, Alexander S"]
[Result "1/2-1/2"]
[WhiteElo "2075"]
[BlackElo "2375"]

1.d4 d5 2.c4 dxc4 3.Nf3 Nf6 4.e3 e6 5.Bxc4 c5 6.O-O a6 7.dxc5 Bxc5 8.Qxd8+ Kxd8
9.b3 Nbd7 10.Bb2 b6 11.Nc3 Bb7 12.Be2 Ke7 13.Rfd1 Rac8 14.Rac1 h6 15.h3 Bd6
16.Nd4 Rc7 17.Nb1 Rxc1 18.Rxc1 Rc8  1/2-1/2

[Event "Nizhnij Tagil"]
[Site "Nizhnij Tagil"]
[Date "1998.??.??"]
[Round "1"]
[White "Shariyazdanov, Andrey"]
[Black "Vaulin, Alexander"]
[Result "1/2-1/2"]
[WhiteElo "2495"]
[BlackElo "2535"]

1.d4 d5 2.c4 dxc4 3.e3 e6 4.Bxc4 Nf6 5.Nf3 c5 6.O-O Nc6 7.Nc3 a6 8.Bd3 Qc7
9.a3 cxd4 10.exd4 Be7 11.Bg5 O-O 12.Rc1 Rd8 13.Re1 Qb6 14.Qc2 h6 15.Be3 Nd5
16.Nxd5 exd5 17.Ne5 Nxe5 18.dxe5 d4 19.Bf4 Be6 20.Qc7 Qb3 21.Qc2 Rac8 22.Qe2 Rxc1
23.Rxc1 Rc8 24.Rxc8+ Bxc8 25.h3 Be6 26.Kh2 Bd5 27.Bc2  1/2-1/2

[Event "Nizhnij Tagil"]
[Site "Nizhnij Tagil"]
[Date "1998.??.??"]
[Round "3"]
[White "Zhidkov, Valery S"]
[Black "Vaulin, Alexander"]
[Result "1/2-1/2"]
[WhiteElo "2400"]
[BlackElo "2535"]

1.d4 Nf6 2.Nf3 d5 3.c4 dxc4 4.e3 e6 5.Bxc4 c5 6.O-O Nc6 7.dxc5 Bxc5 8.Qxd8+ Kxd8
9.a3 Bd6 10.Nbd2 Ke7  1/2-1/2

[Event "RUS-ch sf"]
[Site "Novosibirsk"]
[Date "1998.??.??"]
[Round "?"]
[White "Erikalov, A."]
[Black "Akselrod, Vladislav"]
[Result "1/2-1/2"]
[WhiteElo "2390"]
[BlackElo "2375"]

1.d4 d5 2.c4 dxc4 3.Nf3 Nf6 4.e3 e6 5.Bxc4 c5 6.O-O Nc6 7.Qe2 cxd4 8.Rd1 Be7
9.exd4 O-O 10.Nc3 Nb4 11.Ne5 Bd7 12.d5 exd5 13.Nxd5 Nbxd5 14.Bxd5 Nxd5 15.Rxd5 Bg4
16.Qc4 Qxd5 17.Qxd5 Rad8 18.Qb3 Rd1+ 19.Qxd1 Bxd1 20.Be3 Be2 21.Bxa7 Ra8
22.Bd4 f6 23.Nf3 Bxf3 24.gxf3 Ra4 25.Bc3 b5 26.b3 Rf4 27.a4 Rxf3 28.Bd4 bxa4
29.bxa4 Rd3 30.Be3 Rd6 31.a5 Ra6 32.Bb6 Kf7 33.Kg2 Bd6 34.h3 Ke6 35.Kf3 h5
36.Ke4 g5 37.Rb1 Be5 38.Kd3 Ra8 39.Kc4 f5 40.Kb5 g4 41.Rh1 Kd5 42.a6 f4 43.a7 Bb8
44.axb8=Q Rxb8 45.hxg4 hxg4 46.Rg1 g3 47.f3 Ra8 48.Rd1+ Ke6 49.Bc5 Ra2 50.Kc4 Rc2+
51.Kb4 Kf5 52.Bd4 Kg5 53.Kb3 Rc8 54.Rh1 Rc6 55.Kb2 Rc8 56.Rc1 Ra8 57.Kc2 Kh4
58.Rh1+ Kg5 59.Ra1 Rd8 60.Ra5+ Kg6 61.Kd3 g2 62.Ra1 Kf5 63.Rg1 Rg8 64.Ke2 Rd8
65.Bg7 Rc8 66.Rxg2 Rc2+ 67.Kf1 Rc1+ 68.Kf2 Rc2+ 69.Kg1 Rc1+ 70.Kh2 Rf1 71.Rb2 Rxf3
72.Bd4 Rd3 73.Ba7 Kg4 74.Bf2 Rh3+ 75.Kg2 Ra3 76.Rb8 Rc3 77.Rg8+ Kf5 78.Be1 Rb3
79.Kf2 Ke4 80.Re8+ Kf5 81.Bd2 Rb6 82.Rf8+ Rf6 83.Rd8 Rh6 84.Kg2 Rg6+ 85.Kf3 Rg3+
86.Kf2 Rg6 87.Rd4 Rg4 88.Rd5+ Ke4 89.Rh5 Rg6 90.Bc3 Re6 91.Ra5 Re7 92.Bb2 Re6
93.Bc1 Rd6 94.Ra8 Rd5 95.Ke2 Rd4 96.Rf8 Kd5 97.Bxf4 Ra4 98.Kf3 Ra3+ 99.Be3 Rc3
100.Rf5+ Ke6 101.Ra5 Rc4 102.Bf4 Rd4 103.Re5+ Kd7 104.Kg4 Kc6 105.Re1 Rd5
106.Be5 Rd2 107.Kf5 Kd5 108.Bf4 Rd3 109.Re8 Kc4 110.Be5 Rd1 111.Rc8+ Kd3
112.Rc3+ Kd2 113.Ra3 Kc2 114.Ke4 Rd8 115.Rc3+ Kd2 116.Rc5 Re8 117.Rb5 Rc8
118.Rb2+ Rc2 119.Rb1 Rc4+ 120.Bd4 Kc2 121.Rb2+ Kc1 122.Rh2 Rc2 123.Rh1+ Kd2
124.Rg1 Ke2 125.Rh1 Kd2 126.Rh3 Ke2 127.Bc3 Kf1 128.Bd4 Ke2 129.Rg3 Kd2 130.Rf3 Ke2
131.Bc3 Ra2 132.Rh3 Kf1 133.Bd4 Kg2 134.Rh8 Ra4 135.Rg8+ Kh3 136.Ke3 Ra2
137.Kf3 Kh4 138.Kf4 Kh5 139.Kf5 Kh4 140.Be5 Rf2+ 141.Bf4 Kh3 142.Rg3+ Kh2
143.Ke4 Kh1 144.Ke3 Rg2 145.Kf3 Ra2 146.Rh3+ Kg1 147.Be3+  1/2-1/2

[Event "RUS-Cup"]
[Site "Omsk/Perm"]
[Date "1998.??.??"]
[Round "1"]
[White "Ulibin, Mikhail"]
[Black "Zakharov, Alexander S"]
[Result "1/2-1/2"]
[WhiteElo "2575"]
[BlackElo "2360"]

1.d4 d5 2.c4 dxc4 3.e3 Nf6 4.Bxc4 e6 5.Nf3 c5 6.Qe2 a6 7.dxc5 Bxc5 8.O-O b5
9.Bd3 Nc6 10.Nbd2 O-O 11.Ne4 Be7 12.Nxf6+ Bxf6 13.Bxh7+ Kxh7 14.Qc2+ Kg8
15.Qxc6 Ra7 16.Qc2 Rc7 17.Qe2 Bb7 18.e4 Rc4 19.e5  1/2-1/2

[Event "RUS-Cup"]
[Site "Omsk/Perm"]
[Date "1998.??.??"]
[Round "9"]
[White "Potapov, Alexander"]
[Black "Danilovtsev, Valery"]
[Result "1-0"]
[WhiteElo "2475"]
[BlackElo "2270"]

1.d4 d5 2.c4 dxc4 3.Nf3 Nf6 4.e3 e6 5.Bxc4 c5 6.O-O a6 7.a4 Nc6 8.Qe2 cxd4
9.Rd1 Be7 10.exd4 O-O 11.Nc3 Nb4 12.Ne5 Nfd5 13.Ne4 b6 14.Ra3 Bb7 15.Rh3 f6
16.Qh5 fxe5 17.Qxh7+ Kf7 18.dxe5 Ke8 19.Qxg7 Kd7 20.Bg5 Kc7 21.Rh7 Kb8 22.Bxe7 Qxe7
23.Qxe7 Nxe7 24.Nd6 Nbc6 25.Nxb7 Kxb7 26.Rd7+ Kb8 27.Rhxe7 Nxe7 28.Rxe7 Rc8
29.Bf1 Rc6 30.g4 Ra7 31.Re8+ Kc7 32.h4 b5 33.axb5 axb5 34.Re7+ Kb6 35.Rxa7 Kxa7
36.Bxb5 Rc5 37.Bd3 Rxe5 38.h5 Rd5 39.Bc4  1-0

[Event "Ostrava Cup"]
[Site "Ostrava"]
[Date "1998.??.??"]
[Round "6"]
[White "Stocek, Jiri"]
[Black "Berezjuk, Sergej"]
[Result "1-0"]
[WhiteElo "2470"]
[BlackElo "2410"]

1.d4 d5 2.c4 dxc4 3.e3 Nf6 4.Bxc4 e6 5.Nf3 c5 6.O-O a6 7.Bb3 b5 8.a4 b4 9.Nbd2 Bb7
10.e4 cxd4 11.e5 Ne4 12.Nxe4 Bxe4 13.Ng5 Bd5 14.Qxd4 h6 15.Nxf7 Kxf7 16.Rd1 Nc6
17.Qg4 Ne7 18.Be3 Qa5 19.Rxd5 Nxd5 20.Bc2 Rc8 21.Bg6+ Ke7 22.Rd1 Rc6 23.h3 b3
24.Qf3 Kd8 25.Be4 Qc7 26.a5 Bc5 27.Bxd5 exd5 28.Qxd5+ Ke8 29.Bxc5 Rxc5 30.Qe6+ Qe7
31.Qg6+ Kf8 32.e6 Re5 33.Rd8+  1-0

[Event "Pardubice Czech op"]
[Site "Pardubice"]
[Date "1998.??.??"]
[Round "8"]
[White "Gutman, Gennadi"]
[Black "Gyimesi, Zoltan"]
[Result "1/2-1/2"]
[WhiteElo "2410"]
[BlackElo "2505"]

1.d4 d5 2.c4 dxc4 3.Nf3 Nf6 4.e3 e6 5.Bxc4 c5 6.O-O a6 7.Bb3 Nc6 8.Qe2 cxd4
9.Rd1 Be7 10.exd4 Na5 11.Bc2 b5 12.Nc3 Bb7 13.Bg5  1/2-1/2

[Event "Ptuj"]
[Site "Ptuj"]
[Date "1998.??.??"]
[Round "?"]
[White "Krumpacnik, Domen"]
[Black "Mikhalchishin, Adrian"]
[Result "0-1"]
[WhiteElo "2380"]
[BlackElo "2530"]

1.d4 d5 2.c4 dxc4 3.Nf3 Nf6 4.e3 e6 5.Bxc4 c5 6.Nc3 a6 7.dxc5 Bxc5 8.Qxd8+ Kxd8
9.a3 b5 10.Bd3 Bb7 11.b4 Bd6 12.Bb2 Nbd7 13.Ke2 Ke7 14.Rhd1 Rac8 15.g3 Rc7
16.Rac1 Rhc8 17.Nd2 Be5 18.Ndb1 Nd5 19.Kd2 Nxc3 20.Bxc3 Bf3 21.Re1 Bxc3+
22.Rxc3 Ne5 23.Kc2 Ng4 24.Be2 Nxh2 25.Rxc7+ Rxc7+ 26.Nc3 Bxe2 27.Rxe2 Nf3
28.Kb3 h5 29.Rc2 Rd7 30.a4 bxa4+ 31.Kxa4 g5 32.Ka5 h4 33.gxh4 gxh4 34.Kxa6 h3
35.Ne4 h2 36.Rc1 f5 37.Ng3 Rd6+ 38.Ka7 Rd2 39.b5 Ra2+ 40.Kb7 Rxf2 41.b6 Rg2
42.Nh1 Rg1 43.Rc7+ Kf6 44.Kc8 Rxh1 45.b7 Rb1 46.Rh7 Kg5  0-1

[Event "CRO-Cup"]
[Site "Pula"]
[Date "1998.??.??"]
[Round "3"]
[White "Cvitan, Ognjen"]
[Black "Stevic, Hrvoje"]
[Result "1/2-1/2"]
[WhiteElo "2560"]
[BlackElo "2455"]

1.d4 d5 2.Nf3 Nf6 3.c4 dxc4 4.e3 e6 5.Bxc4 c5 6.O-O a6 7.Bb3 Nc6 8.Qe2 Qc7
9.Nc3 Bd6 10.Bd2 O-O 11.Rac1 b6 12.dxc5 Bxc5 13.e4 Ng4 14.g3 Nge5 15.Bf4 Nxf3+
16.Qxf3 Qe7 17.Be3 Nd4 18.Bxd4 Bxd4 19.Rfd1 e5 20.Nd5  1/2-1/2

[Event "CRO-Cup"]
[Site "Pula"]
[Date "1998.??.??"]
[Round "3"]
[White "Jelen, Igor"]
[Black "Kapic, Ibrahim"]
[Result "1/2-1/2"]
[WhiteElo "2430"]
[BlackElo "2275"]

1.d4 d5 2.c4 dxc4 3.Nf3 Nf6 4.e3 e6 5.Bxc4 c5 6.O-O a6 7.a4 Nc6 8.Qe2 Qc7
9.Nc3 Be7 10.Bd2 O-O 11.d5 exd5 12.Nxd5 Nxd5 13.Bxd5 Bf6 14.Bc3 Bxc3 15.bxc3 Bd7
16.Rfd1 Rad8 17.Rab1 Rb8 18.Ng5 Be8 19.Qh5 h6 20.Ne4 Ne7 21.a5 Nxd5 22.Qxd5 Qxa5
23.Rxb7 Rxb7 24.Qxb7 Qa4 25.Rb1 Qc4 26.Nd6 Qxc3 27.Qxa6 Qc2 28.Qf1 Qg6 29.Rd1 Bc6
30.f3 Rb8 31.e4 Ba4 32.Nf5 Qe6 33.Rb1 Rxb1 34.Qxb1 Bb3 35.Qb2 f6 36.Qa3 c4
37.Qe7 Qf7 38.Qxf7+ Kxf7 39.Nd4 Ke7 40.Kf2 Kd6 41.Ke3 Kc5 42.Nf5 c3 43.Nxg7 Kb4
44.Nf5 Ka3 45.Nd4 Kb2 46.Kf4 Be6 47.g4 c2 48.Nxc2 Kxc2 49.e5 fxe5+ 50.Kxe5 Bf7
51.h4 Kd3 52.g5 hxg5 53.hxg5 Ke3 54.f4 Kf3 55.f5 Kg4 56.g6 Be8 57.Ke6 Kh5
58.g7 Ba4 59.Ke7 Bb3 60.f6 Kg6  1/2-1/2

[Event "CRO-Cup"]
[Site "Pula"]
[Date "1998.??.??"]
[Round "5"]
[White "Bilobrk, Franjo"]
[Black "Drcelic, Josip"]
[Result "1-0"]
[WhiteElo "2365"]
[BlackElo "2280"]

1.d4 d5 2.c4 dxc4 3.Nf3 Nf6 4.e3 e6 5.Bxc4 c5 6.O-O Nc6 7.Nc3 a6 8.a3 b5
9.Ba2 Bb7 10.d5 exd5 11.Nxd5 Nxd5 12.Bxd5 Na5 13.e4 Be7 14.Bd2 Bxd5 15.exd5 Nc4
16.Bc3 O-O 17.b3 Nb6 18.Ba5 Bf6 19.Ra2 Qd6 20.Rd2 Nd7 21.Qc2 Rfe8 22.Rfd1 Rac8
23.g3 g6 24.h4 Ne5 25.Nxe5 Bxe5 26.Bc3 Bd4 27.Bxd4 cxd4 28.Qb2 Qxd5 29.Rxd4 Qe5
30.Qd2 Qc5 31.a4 bxa4 32.bxa4 Re6 33.Rd5 Qe7 34.h5 gxh5 35.Rxh5 Re8 36.Qg5+ Qxg5
37.Rxg5+ Kf8 38.Kg2 Re4 39.Ra5 R8e6 40.Rd8+ Kg7 41.Ra8 h5 42.R8xa6 Rxa6 43.Rxa6 h4
44.gxh4 Rxh4 45.Kg3 Rc4 46.f4 Rd4 47.Kg4 Rb4 48.Kg5 Rc4 49.a5 Rc5+ 50.Kg4 Rb5
51.f5 Rc5 52.Kg5 Rb5 53.Ra7 Rc5 54.a6 Ra5 55.Ra8 Ra1 56.f6+ Kh7 57.a7 Ra5+
58.Kf4 Ra6 59.Ke5 Re6+ 60.Kd5 Ra6 61.Kc5 Ra1 62.Kd6 Rd1+ 63.Ke7  1-0

[Event "SWE-ch"]
[Site "Ronneby"]
[Date "1998.??.??"]
[Round "11"]
[White "Akesson, Joel"]
[Black "Degerman, Lars"]
[Result "0-1"]
[WhiteElo "2290"]
[BlackElo "2490"]

1.d4 d5 2.Nf3 Nf6 3.c4 dxc4 4.e3 e6 5.Bxc4 c5 6.O-O a6 7.Bd3 b6 8.Nc3 Bb7
9.Qe2 Nbd7 10.Rd1 Qb8 11.h3 Be7 12.dxc5 Nxc5 13.Bc2 Nce4 14.Nxe4 Nxe4 15.Rd4 Nf6
16.e4 e5 17.Ba4+ b5 18.Bxb5+ Kf8 19.Rd7 axb5 20.Nxe5 Qxe5 21.Rxb7 b4 22.Be3 Qxe4
23.Qb5 Qd5 24.Rb8+ Rxb8 25.Qxb8+ Ne8 26.Re1 g5 27.Qa7 Bf6 28.h4 h6 29.Qb8 Kg7
30.Qxb4 Qxa2 31.Qb8 Qd5 32.Qg3 Nd6 33.Qg4 h5 34.Qe2 g4 35.Rd1 Qe6  0-1

[Event "ESP-chT"]
[Site "Salamanca"]
[Date "1998.??.??"]
[Round "4"]
[White "Garcia Ilundain, David"]
[Black "Oms Pallise, Josep"]
[Result "1-0"]
[WhiteElo "2485"]
[BlackElo "2440"]

1.d4 d5 2.c4 c6 3.e3 Nf6 4.Bd3 e6 5.Nf3 dxc4 6.Bxc4 c5 7.O-O a6 8.e4 b5 9.Bd3 Bb7
10.e5 c4 11.Bc2 Nd5 12.Nbd2 Nc6 13.Ne4 h6 14.a3 Be7 15.Qe2 Qb6 16.Rd1 Na5
17.Be3 Nb3 18.Bxb3 Nxe3 19.Qxe3 cxb3 20.Nfd2 Rc8 21.Nxb3 O-O 22.Nbc5 Bxe4
23.Nxe4 Rc4 24.b3 Rc2 25.Qd3 Rc7 26.b4 Rc4 27.Rac1 Rxc1 28.Rxc1 Rd8 29.Nc5 a5
30.g3 a4 31.Rd1 Qc6 32.Ne4 Rc8 33.d5 exd5 34.Qxd5 Kf8 35.Qxc6 Rxc6 36.Rd5 Ke8
37.Rxb5 Rc1+ 38.Kg2 Ra1 39.Rb8+ Kd7 40.Nc3 Rxa3 41.Nd5 Ke6 42.Re8 Kxd5 43.Rxe7 g6
44.f4 Rb3 45.Rxf7 Rxb4 46.Kf3 h5 47.Rf6 a3 48.Ra6 Rb3+ 49.Kg2 Rb2+ 50.Kh3 a2
51.Kh4 Rxh2+ 52.Kg5 Rg2 53.Kf6 Rxg3 54.Rxa2 Re3 55.Kxg6 h4 56.Kf5 h3 57.Rd2+  1-0

[Event "Balazs mem op"]
[Site "Salgotarjan"]
[Date "1998.??.??"]
[Round "6"]
[White "Portisch, Ferenc"]
[Black "Meszaros, Andras"]
[Result "1-0"]
[WhiteElo "2370"]
[BlackElo "2350"]

1.d4 d5 2.c4 dxc4 3.Nf3 Nf6 4.e3 e6 5.Bxc4 c5 6.O-O a6 7.dxc5 Qxd1 8.Rxd1 Bxc5
9.a3 b5 10.Be2 Bb7 11.b4 Bb6 12.a4 Nd5 13.axb5 Nxb4 14.Bd2 a5 15.Na3 Nd7
16.Nc4 Bc7 17.b6 Nxb6 18.Nxa5 Bxf3 19.gxf3 N4d5 20.e4 Nf4 21.Bb5+ Ke7 22.Rac1 Rhc8
23.Nc6+ Kf6 24.Rc5 e5 25.Bc3 Ng6 26.f4 Nxf4 27.Nxe5 Ke7 28.Bb4 Ke6 29.Nd7 Nxd7
30.Bxd7+ Kf6 31.Bxc8 Rxc8 32.Rd7 Ra8 33.Bc3+  1-0

[Event "SVK-chT1W 9798"]
[Site "SVK"]
[Date "1998.??.??"]
[Round "?"]
[White "Debnar, Lubos"]
[Black "Salai, Ladislav"]
[Result "0-1"]
[WhiteElo "2330"]
[BlackElo "2440"]

1.d4 d5 2.c4 dxc4 3.Nf3 Nf6 4.e3 e6 5.Bxc4 c5 6.Nc3 a6 7.O-O b5 8.Bb3 Bb7
9.Re1 Nbd7 10.e4 cxd4 11.Nxd4 Ne5 12.f3 Bc5 13.Be3 O-O 14.Nc2 Nd3 15.Bxc5 Nxc5
16.Qe2 Nxb3 17.axb3 Qb6+ 18.Kh1 Rfd8 19.Red1 Rxd1+ 20.Rxd1 Rd8 21.b4 h5 22.Rd2 h4
23.Rxd8+ Qxd8 24.h3 Nh5 25.Qe3 e5 26.Na1 Qd6 27.Nc2 Nf4 28.Qc5 Qd2 29.Ne3 Qe1+
30.Kh2 Qg3+ 31.Kh1 Nd3  0-1

[Event "SVK-chT 9899"]
[Site "SVK"]
[Date "1998.??.??"]
[Round "1"]
[White "Zpevak, Pavel"]
[Black "Salai, Ladislav"]
[Result "1/2-1/2"]
[WhiteElo "2380"]
[BlackElo "2430"]

1.d4 d5 2.c4 dxc4 3.Nf3 Nf6 4.e3 e6 5.Bxc4 c5 6.O-O a6 7.dxc5 Bxc5 8.Qc2 Qe7
9.e4 b5 10.Bd3 Bb7 11.e5 Nd5 12.a3 Nd7 13.Nbd2 Rc8 14.Qd1 Nf4 15.Ne4 Nxd3
16.Qxd3 O-O 17.b4 Bxe4 18.Qxe4 Bb6 19.Bg5 f6 20.exf6 gxf6 21.Bh6 Rfe8 22.Rfe1 Rc4
23.Qe2 Nf8 24.Rad1 Ng6 25.g3 Qc7 26.Nd2 Rc2 27.Qg4 f5 28.Qg5 Qc3 29.h4 Qd4
30.Ne4 Qb2 31.Nf6+ Kf7 32.Rd7+ Re7 33.Rxe7+ Kxe7 34.Nd5+ Kf7 35.h5 Bxf2+
36.Kh1 Bd4 37.hxg6+ hxg6 38.Qh4 Re2 39.Rc1 exd5 40.Rc7+ Ke8 41.Rc8+ Kf7 42.Rf8+ Ke6
43.Re8+ Kf7 44.Rf8+  1/2-1/2

[Event "SVK-chT 9798"]
[Site "SVK"]
[Date "1998.??.??"]
[Round "5"]
[White "Vavrak, Peter"]
[Black "Salai, Ladislav"]
[Result "1-0"]
[WhiteElo "2210"]
[BlackElo "2440"]

1.Nf3 Nf6 2.d4 d5 3.c4 dxc4 4.e3 e6 5.Bxc4 c5 6.Nc3 a6 7.a4 Nc6 8.O-O Be7
9.b3 O-O 10.Bb2 cxd4 11.exd4 Nb4 12.Qe2 Bd7 13.Ne5 Bc6 14.Nxc6 bxc6 15.Rad1 a5
16.Ne4 Nxe4 17.Qxe4 Rb8 18.Rfe1 Nd5 19.Rd3 Bb4 20.Red1 Qf6 21.Rg3 Bd6 22.Rf3 Qg6
23.Qxg6 hxg6 24.Bxd5 cxd5 25.Rc1 Rb6 26.Rfc3 Bf4 27.R1c2 Bg5 28.Ba3 Rfb8
29.Rc8+ Kh7 30.Rxb8 Rxb8 31.Rc3 Bf6 32.Bc5 Rc8 33.Kf1 Kg8 34.Ke2 e5 35.Kd3 e4+
36.Kd2 Rb8 37.f3 Re8 38.Bb6 Re6 39.Bxa5 Bxd4 40.Rc8+ Kh7 41.fxe4 Rxe4 42.Kd3 Bg1
43.Rc1 Ba7 44.Rc7 Bg1 45.Bc3 Rg4 46.Rxf7 Bxh2 47.a5 Rxg2 48.a6 Rg3+ 49.Kc2 Rg2+
50.Bd2 Re2 51.a7 Re8 52.Bf4 Bg1 53.Kd3 Ra8 54.Be3 Bh2 55.b4 g5 56.b5 Kg6
57.Rd7 Bb8 58.b6 g4 59.Rd8  1-0

[Event "Szeged TT08 IM"]
[Site "Szeged"]
[Date "1998.??.??"]
[Round "3"]
[White "Dovzik, Juri"]
[Black "Suvrajit, Saha"]
[Result "1/2-1/2"]
[WhiteElo "2390"]
[BlackElo "2345"]

1.d4 d5 2.Nf3 Nf6 3.c4 dxc4 4.e3 e6 5.Bxc4 c5 6.O-O a6 7.a4 Be7 8.Qe2 Nc6
9.dxc5 Bxc5 10.Rd1 Qe7 11.Nc3 e5 12.Ng5 O-O 13.Nce4 Nxe4 14.Nxe4 Bb4 15.Bd2  1/2-1/2

[Event "Tampere ELO Taraus"]
[Site "Tampere"]
[Date "1998.??.??"]
[Round "6"]
[White "Tella, Jussi"]
[Black "Kallio, Heikki"]
[Result "1/2-1/2"]
[WhiteElo "2385"]
[BlackElo "2330"]

1.d4 d5 2.c4 dxc4 3.Nf3 Nf6 4.e3 e6 5.Bxc4 c5 6.O-O a6 7.a4 Nbd7 8.Nc3 Be7
9.Qe2 O-O 10.Rd1 Qc7 11.Bd2 b6 12.d5 e5 13.e4 Ne8 14.Bd3 Nd6 15.b3 Re8 16.Be3 Qd8
17.Rf1 Bf6 18.Ra2 Kh8  1/2-1/2

[Event "Techirghiol op-B"]
[Site "Techirghiol"]
[Date "1998.??.??"]
[Round "?"]
[White "Tudor, Alin"]
[Black "Hohlov, G."]
[Result "1-0"]
[WhiteElo "2180"]
[BlackElo "1650"]

1.d4 d5 2.c4 dxc4 3.Nf3 Nf6 4.e3 e6 5.Bxc4 c5 6.O-O a6 7.Qe2 Nc6 8.Rd1 Qc7
9.Nc3 Be7 10.a4 O-O 11.b3 Na5 12.Bb2 Qb6 13.Rab1 Qc7 14.e4 cxd4 15.Nxd4 Nxc4
16.bxc4 b6 17.Rbc1 Bb7 18.f3 Bc5 19.Kh1 Rfd8 20.Nb3 Be7 21.Qe3 Nd7 22.Ne2 Nc5
23.Nxc5 Bxc5 24.Qg5 Bf8 25.Nf4 h6 26.Qg4 Rxd1+ 27.Rxd1 e5 28.Nd5 Qxc4 29.Nf6+ Kh8
30.Bxe5 Rd8 31.Rg1 Qe2 32.Qf5 g6 33.Ne8+ Bg7 34.Qxf7 Bxe5 35.Qf8+ Kh7 36.Qe7+ Kg8
37.Qxd8 Qf2 38.Nd6+ Kh7 39.Qe7+ Bg7 40.Ne8 Qd4 41.Qxb7 h5 42.Qxg7+ Qxg7 43.Nxg7  1-0

[Event "POL-ch U20 Girls"]
[Site "Trzebinia"]
[Date "1998.??.??"]
[Round "4"]
[White "Zielinska, Danuta"]
[Black "Samborska, Marta"]
[Result "1/2-1/2"]
[WhiteElo "2040"]
[BlackElo "2070"]

1.d4 d5 2.c4 dxc4 3.Nf3 Nf6 4.e3 e6 5.Bxc4 c5 6.O-O a6 7.a4 Qc7 8.Qe2 Nc6
9.Rd1 Be7 10.Nc3 b6 11.d5 Nxd5 12.Nxd5 exd5 13.Bxd5 Bb7 14.b3 Bf6 15.Bb2 Qe7
16.Bxf6 Qxf6 17.Rac1 O-O 18.Rd2 Rfe8 19.Qd1 Rad8 20.Rc4 Rxd5 21.Rxd5 Ne5
22.Rxe5 Rd8 23.Qa1 Bxf3 24.gxf3 Qxf3 25.Rc1 Qg4+ 26.Kf1 f6 27.Qc3 Rd1+ 28.Rxd1 Qxd1+
29.Kg2 Qg4+ 30.Kf1  1/2-1/2

[Event "RUS-ch sf"]
[Site "Tula"]
[Date "1998.??.??"]
[Round "7"]
[White "Nedochetov, M."]
[Black "Kalichkin, Igor"]
[Result "1/2-1/2"]
[WhiteElo "2250"]
[BlackElo "2275"]

1.Nf3 d5 2.d4 Nf6 3.c4 dxc4 4.e3 e6 5.Bxc4 c5 6.O-O Nc6 7.Qe2 cxd4 8.Rd1 Be7
9.Nxd4 Nxd4 10.Rxd4 Qc7 11.Bb5+ Bd7 12.Nc3 a6 13.Bxd7+  1/2-1/2

[Event "JUG Cup"]
[Site "Ulcinj"]
[Date "1998.??.??"]
[Round "4"]
[White "Atalik, Suat"]
[Black "Komarov, Dimitri"]
[Result "1/2-1/2"]
[WhiteElo "2595"]
[BlackElo "2580"]

1.Nf3 d5 2.d4 Nf6 3.c4 dxc4 4.e3 e6 5.Bxc4 c5 6.O-O Nc6 7.Qe2 cxd4 8.Rd1 Be7
9.exd4 O-O 10.Nc3 Na5 11.Bd3 b6 12.Qe5 Nc6 13.Qg3 Nh5 14.Qg4 Nf6 15.Qh4 Nb4
16.Bb1 Bb7 17.Bg5 g6 18.Be4 Bxe4 19.Nxe4 Nbd5 20.Nc3 Rc8 21.Rac1 Qd6 22.Ne5 a6
23.Nxd5 Nxd5 24.Bxe7 Qxe7 25.Qxe7 Nxe7 26.Nd7 Rxc1 27.Rxc1 Rc8 28.Rxc8+ Nxc8
29.b4 Kg7 30.Kf1 a5 31.bxa5 bxa5 32.Ke2 f6 33.Nc5 Kf7 34.Kd3 Ke7 35.Nb7 a4
36.Kc4 a3 37.Kb4 Na7 38.Na5 Kd6 39.Kxa3 Kd5 40.Nb3 Kc4 41.Ka4 h5 42.Ka5 Nc8
43.Ka6 Nd6 44.Kb6 Ne4 45.Nc5 Nxf2 46.a4 e5 47.a5 e4 48.Nxe4 Nxe4 49.Kc6 Nc3
50.a6 Nb5 51.d5 Na7+ 52.Kd6 Kd4 53.Ke6  1/2-1/2

[Event "JUG Cup"]
[Site "Ulcinj"]
[Date "1998.??.??"]
[Round "5"]
[White "Bakic, Rados"]
[Black "Pikula, Dejan"]
[Result "0-1"]
[WhiteElo "2440"]
[BlackElo "2440"]

1.d4 d5 2.c4 dxc4 3.Nf3 Nf6 4.e3 e6 5.Bxc4 c5 6.O-O a6 7.b3 Nbd7 8.Bb2 Be7
9.Nbd2 O-O 10.Qe2 cxd4 11.Nxd4 Nb6 12.Bd3 Nbd5 13.Rac1 Bd7 14.Nc4 Qb8 15.f4 Rc8
16.Bb1 Bc5 17.Qf3 Bb5 18.Kh1 Qa7 19.Rfd1 Rd8 20.Ne5 Be8 21.Nd3 Bb6 22.Ne5 Rac8
23.Nc4 Bc5 24.h3 Qb8 25.a3 Ba7 26.Qg3 g6 27.Qf3 b5 28.Ne5 Qd6 29.Rxc8 Rxc8
30.e4 b4 31.axb4 Qxb4 32.exd5 Nxd5 33.f5 Nc3 34.fxe6 fxe6 35.Bxc3 Rxc3 36.Qa8 Bb8
37.Qe4 Qd6 38.Nef3 Rxf3 39.Nxf3 Qxd1+ 40.Ne1 Qd6 41.Kg1 Ba7+ 42.Kf1 Qb6 43.Ke2 Qxb3
44.Bd3 Qb6 45.Bc4 Bd7 46.Nd3 a5 47.Ne5 Qb2+ 48.Ke1 Qf2+ 49.Kd1 Ba4+ 50.Kc1 Be3+
51.Kb1 Qe1+ 52.Ka2 Qd2+  0-1

[Event "Ardid mem 10th op"]
[Site "Zaragoza"]
[Date "1998.??.??"]
[Round "3"]
[White "Ramiro Ovejero, Juan Luis"]
[Black "Baron Rodriguez, Jesus"]
[Result "0-1"]
[WhiteElo "2165"]
[BlackElo "2350"]

1.c4 e6 2.d4 Nf6 3.Nf3 d5 4.e3 dxc4 5.Bxc4 c5 6.O-O Nc6 7.Qe2 cxd4 8.Rd1 Be7
9.exd4 O-O 10.Nc3 Na5 11.Bd3 b6 12.Bg5 Bb7 13.Rac1 Rc8 14.Bb1 Nd5 15.Nxd5 Bxg5
16.Rxc8 Bxc8 17.Nxg5 Qxg5 18.Ne3 Bb7 19.b4 Nc6 20.Be4 Rd8 21.Qf3 Nxd4 22.Rxd4 Rxd4
23.Bxb7 Rxb4 24.g3 g6 25.Qc6 Rb1+ 26.Kg2 Kg7 27.Qe4 Rb2 28.h4 Qc5 29.h5 Rb4
30.h6+ Kxh6 31.Qf3 Kg7 32.Bc6 b5 33.Be8 Qe7 34.Bc6 h5 35.Nc2 Rb2 36.Qc3+ Qf6
37.Qd3 a6 38.a4 b4 39.Be4 b3  0-1